[Event "Marplatense Elo op"]
[Site "Argentina"]
[Date "2018.10.15"]
[Round "4"]
[White "Cuello Alcaria, Juan Ignacio"]
[Black "Lazzari, Sergio"]
[Result "0-1"]
[WhiteElo "1926"]
[BlackElo "1860"]
[PlyCount "84"]
[EventDate "2018.10.08"]
[EventType "swiss"]
[EventRounds "9"]
[EventCountry "ARG"]
[SourceTitle "CBM 187 Extra"]
[Source "ChessBase"]
[SourceDate "2018.11.04"]
[SourceVersion "1"]
[SourceVersionDate "2018.11.04"]
[SourceQuality "1"]

1. d4 Nf6 2. g3 g6 3. Bg2 Bg7 4. e4 d6 5. c3 0-0 6. Ne2 e5 7. 0-0 Nc6 8. d5 Ne7 9. c4 a5 10. Nbc3 Nd7 11. Be3 Nc5 12. a3 f5 13. f3 Bd7 14. Bxc5 dxc5 15. d6 cxd6 16. Qxd6 Ra6 17. Qxc5 Rc6 18. Qb5 Qc7 19. Rad1 fxe4 20. Nxe4 Nf5 21. c5 Kh8 22. Qd3 Nd4 23. N2c3 Bf5 24. b4 axb4 25. axb4 Ra6 26. Nd5 Qf7 27. Nb6 Ra2 28. Rd2 Rxd2 29. Qxd2 Bxe4 30. fxe4 Qxf1+ 31. Bxf1 Nf3+ 32. Kg2 Nxd2 33. Be2 Nxe4 34. Bf3 Nd2 35. Bxb7 e4 36. Nd5 Bd4 37. Nf4 e3 38. Ba6 g5 39. Ne6 Rf2+ 40. Kh3 Nf3 41. c6 h5 42. Nxg5 Rxh2# 0-1

[Event "Mar del Plata U2200 Libreria Mariano"]
[Site "Mar del Plata"]
[Date "2018.04.15"]
[Round "7.1"]
[White "Bianchi, Albino Angel"]
[Black "Lazzari, Sergio"]
[Result "1/2-1/2"]
[WhiteElo "2107"]
[BlackElo "1857"]
[PlyCount "25"]
[EventDate "2018.04.13"]
[EventType "swiss"]
[EventRounds "7"]
[EventCountry "ARG"]
[SourceTitle "EXT 2024"]
[Source "ChessBase"]
[SourceDate "2023.10.10"]
[SourceVersion "1"]
[SourceVersionDate "2023.10.10"]
[SourceQuality "1"]

1. e4 e6 2. d4 d5 3. Bd3 dxe4 4. Bxe4 Nf6 5. Bf3 Nc6 6. Ne2 e5 7. d5 e4 8. dxc6 Qxd1+ 9. Kxd1 exf3 10. gxf3 bxc6 11. Re1 Be6 12. Be3 Bd6 13. Nd4 1/2-1/2

[Event "Mar del Plata"]
[Site "Mar del Plata"]
[Date "2017.11.03"]
[Round "9"]
[White "Grossi, David"]
[Black "Lazzari, Sergio"]
[Result "0-1"]
[WhiteElo "1974"]
[BlackElo "1850"]
[PlyCount "62"]
[EventDate "2017.10.16"]
[EventType "tourn"]
[EventRounds "11"]
[EventCountry "ARG"]
[SourceTitle "CBM 181 Extra"]
[Source "ChessBase"]
[SourceDate "2017.12.12"]
[SourceVersion "1"]
[SourceVersionDate "2017.12.12"]
[SourceQuality "1"]

1. d4 Nf6 2. Nf3 g6 3. c4 Bg7 4. Nc3 d6 5. e4 0-0 6. Be2 e5 7. 0-0 Nc6 8. d5 Ne7 9. b4 a5 10. Ba3 b6 11. bxa5 Rxa5 12. Bb4 Ra8 13. a4 Nh5 14. a5 bxa5 15. Rxa5 Bd7 16. Rxa8 Qxa8 17. Qc2 f5 18. c5 fxe4 19. cxd6 exf3 20. dxe7 fxe2 21. exf8Q+ Bxf8 22. Qxe2 Bxb4 23. Qxe5 Bd6 24. Qg5 Qe8 25. Qe3 Qf7 26. Rb1 Qf5 27. Rb8+ Kg7 28. h3 Nf4 29. Qf3 Qg5 30. Kh1 Qe5 31. Rd8 Qe1+ 0-1

[Event "Mar del Plata"]
[Site "Mar del Plata"]
[Date "2017.10.23"]
[Round "4"]
[White "Lazzari, Sergio"]
[Black "Bacino, Gustavo"]
[Result "1/2-1/2"]
[WhiteElo "1850"]
[BlackElo "1860"]
[PlyCount "157"]
[EventDate "2017.10.16"]
[EventType "tourn"]
[EventRounds "11"]
[EventCountry "ARG"]
[SourceTitle "CBM 181 Extra"]
[Source "ChessBase"]
[SourceDate "2017.12.12"]
[SourceVersion "1"]
[SourceVersionDate "2017.12.12"]
[SourceQuality "1"]

1. d4 Nf6 2. Bf4 e6 3. e3 c5 4. Nf3 Nc6 5. Nc3 cxd4 6. exd4 Bb4 7. a3 Bxc3+ 8. bxc3 Qa5 9. Qd3 Ne4 10. Qxe4 Qxc3+ 11. Ke2 Qxa1 12. d5 Qxa3 13. dxc6 bxc6 14. Qd4 f6 15. Bd6 Qa2 16. Kd2 Qd5 17. Bc4 Qxd4+ 18. Nxd4 a5 19. Rb1 Kf7 20. Rb6 a4 21. c3 Re8 22. f4 g6 23. f5 gxf5 24. Nxf5 a3 25. Ba2 Ra5 26. Nd4 Rg8 27. g3 h5 28. Nf3 Ba6 29. Bb4 Rf5 30. Ke3 Bf1 31. Rb7 Ke8 32. Ra7 Bg2 33. Nd4 Re5+ 34. Kf2 Bd5 35. Bxd5 Rxd5 36. Bxa3 Rgg5 37. Ra8+ Kf7 38. Rh8 Rg8 39. Rh7+ Rg7 40. Rh8 Rg8 41. Rh7+ Rg7 42. Rxg7+ Kxg7 43. Ke3 Re5+ 44. Kf3 Ra5 45. Bb4 Rd5 46. Ne2 c5 47. Ba5 c4 48. Bb4 Rf5+ 49. Ke3 Re5+ 50. Kf3 Rf5+ 51. Nf4 d5 52. Ke3 Kf7 53. Bd6 Rg5 54. h4 Rxg3+ 55. Kd2 Rg4 56. Nxh5 Rxh4 57. Nf4 Rh2+ 58. Ke3 Rc2 59. Bb4 Rc1 60. Kd2 Rf1 61. Ke3 Re1+ 62. Kf3 Rf1+ 63. Ke3 Rd1 64. Ke2 Rh1 65. Ke3 Re1+ 66. Kf2 Re4 67. Kf3 f5 68. Bc5 Kf6 69. Be3 Rxf4+ 70. Bxf4 e5 71. Bh6 d4 72. cxd4 exd4 73. Kf4 c3 74. Bf8 Ke6 75. Bb4 c2 76. Bd2 Kd5 77. Kxf5 d3 78. Kf4 Kd4 79. Kf3 1/2-1/2

[Event "Mem Rodolfo Ventimiglia 71th"]
[Site "Mar del Plata"]
[Date "2016.11.30"]
[Round "8.3"]
[White "Di Muro, Matias"]
[Black "Lazzari, Sergio"]
[Result "0-1"]
[WhiteElo "2243"]
[BlackElo "1843"]
[PlyCount "100"]
[EventDate "2016.11.21"]
[EventType "tourn"]
[EventRounds "10"]
[EventCountry "ARG"]
[SourceTitle "EXT 2024"]
[Source "ChessBase"]
[SourceDate "2023.10.10"]
[SourceVersion "1"]
[SourceVersionDate "2023.10.10"]
[SourceQuality "1"]

1. d4 Nf6 2. c4 e6 3. Nc3 Bb4 4. e3 b6 5. Bd3 Bb7 6. Nf3 Ne4 7. Qc2 f5 8. a3 Bxc3+ 9. bxc3 0-0 10. a4 d6 11. a5 Qf6 12. 0-0 Qg6 13. Ne1 Nd7 14. f3 Ng5 15. Kh1 Qh5 16. Qf2 Rf6 17. h4 Ne4 18. Bxe4 fxe4 19. f4 Qg4 20. Kh2 Rh6 21. g3 Nf6 22. Ng2 Qf5 23. Qe2 Bc8 24. axb6 cxb6 25. Ba3 e5 26. g4 Nxg4+ 27. Kg1 exd4 28. cxd4 Rg6 29. Ra2 a5 30. Rb2 d5 31. Be7 Ba6 32. Rfb1 Bxc4 33. Qe1 Qd7 34. Bg5 b5 35. Ra1 Rga6 36. f5 Qxf5 37. Nf4 h6 38. Be7 b4 39. h5 Nf6 40. Rh2 b3 41. Kh1 a4 42. Ba3 Nh7 43. Qg3 Ng5 44. Rg1 R6a7 45. Rf2 Nf3 46. Rgg2 Bb5 47. Rxf3 exf3 48. Qxf3 Rf7 49. Qg3 Rc8 50. Bd6 Rc2 0-1

[Event "Mem Rodolfo Ventimiglia 71th"]
[Site "Mar del Plata"]
[Date "2016.11.28"]
[Round "6.3"]
[White "Lazzari, Sergio"]
[Black "Fidel, Roberto Oscar"]
[Result "0-1"]
[WhiteElo "1843"]
[BlackElo "2147"]
[PlyCount "76"]
[EventDate "2016.11.21"]
[EventType "tourn"]
[EventRounds "10"]
[EventCountry "ARG"]
[SourceTitle "EXT 2024"]
[Source "ChessBase"]
[SourceDate "2023.10.10"]
[SourceVersion "1"]
[SourceVersionDate "2023.10.10"]
[SourceQuality "1"]

1. d4 Nf6 2. Nf3 c5 3. c3 e6 4. Bf4 Qb6 5. Qb3 Nc6 6. e3 d5 7. Qxb6 axb6 8. Bc7 Nd7 9. Na3 cxd4 10. exd4 Bxa3 11. bxa3 Rxa3 12. Kd2 Nf6 13. Bd3 Ra8 14. Bxb6 0-0 15. Rhe1 Bd7 16. a4 Na5 17. Ke2 Rfc8 18. Ne5 Rxc3 19. Nxd7 Nxd7 20. Bxa5 Rxa5 21. Bb5 Nf6 22. Rac1 Ne4 23. f3 Rxc1 24. Rxc1 Nd6 25. Rc5 g6 26. Bd7 Ra8 27. Rc7 Ra6 28. Rc5 Kf8 29. Bb5 Nxb5 30. axb5 Ra5 31. b6 Ra2+ 32. Kd3 Rb2 33. Rc8+ Kg7 34. Kc3 Rxb6 35. Rb8 Rb1 36. Kc2 Rg1 37. g4 Rf1 38. Rxb7 Rxf3 0-1

[Event "Mem Rodolfo Ventimiglia 71th"]
[Site "Mar del Plata"]
[Date "2016.11.25"]
[Round "5.2"]
[White "Lazzari, Sergio"]
[Black "Fernandez Mazzetti, Ignacio"]
[Result "0-1"]
[WhiteElo "1843"]
[BlackElo "1986"]
[PlyCount "142"]
[EventDate "2016.11.21"]
[EventType "tourn"]
[EventRounds "10"]
[EventCountry "ARG"]
[SourceTitle "EXT 2024"]
[Source "ChessBase"]
[SourceDate "2023.10.10"]
[SourceVersion "1"]
[SourceVersionDate "2023.10.10"]
[SourceQuality "1"]

1. d4 Nf6 2. Bf4 e6 3. e3 c5 4. c3 Nc6 5. Nd2 d5 6. Bd3 Bd6 7. Bxd6 Qxd6 8. f4 cxd4 9. cxd4 0-0 10. a3 b6 11. Ngf3 Bb7 12. Ne5 Ne7 13. Qf3 Rac8 14. 0-0 Ng6 15. Qh3 Rc7 16. Ndf3 Rfc8 17. f5 exf5 18. Bxf5 Re8 19. Ng5 Nxe5 20. dxe5 Qxe5 21. Bxh7+ Kf8 22. Nf3 Qxe3+ 23. Kh1 Qh6 24. Qxh6 gxh6 25. Bd3 Re3 26. Rad1 Rxd3 27. Rxd3 Ba6 28. Ne5 Ne4 29. Rdf3 Bxf1 30. Rxf1 f6 31. Ng6+ Kf7 32. Nf4 Rd7 33. Nd3 Ke6 34. Re1 Rc7 35. Re2 Rc4 36. g3 Rd4 37. Nf4+ Ke5 38. Ng6+ Kd6 39. Nh4 Rd2 40. Rxd2 Nxd2 41. Nf5+ Ke5 42. Nxh6 Nc4 43. h4 Nxb2 44. Kg2 f5 45. Kf3 Nc4 46. Nf7+ Kf6 47. Nd8 Nxa3 48. Nc6 a5 49. Ke3 Nc2+ 50. Kd2 Nb4 51. Nd4 Na6 52. Kc3 Nc5 53. Ne2 Ke5 54. h5 b5 55. h6 b4+ 56. Kc2 Kf6 57. Nd4 Kg6 58. h7 Kxh7 59. Nxf5 a4 60. Ne7 d4 61. Nf5 d3+ 62. Kb2 Kg6 63. Ne3 Kf7 64. Nd5 b3 65. Ne3 Ke6 66. Nd1 Ke5 67. Ka3 Kd4 68. g4 Ke4 69. g5 Kf5 70. g6 Kxg6 71. Kb4 Kg5 0-1

[Event "Mar del Plata"]
[Site "Mar del Plata"]
[Date "2016.09.28"]
[Round "10.1"]
[White "Lazzari, Sergio"]
[Black "Fabrizio, Gustavo"]
[Result "1-0"]
[WhiteElo "1766"]
[BlackElo "1971"]
[PlyCount "85"]
[EventDate "2016.09.05"]
[EventType "tourn"]
[EventRounds "10"]
[EventCountry "ARG"]
[SourceTitle "EXT 2024"]
[Source "ChessBase"]
[SourceDate "2023.10.10"]
[SourceVersion "1"]
[SourceVersionDate "2023.10.10"]
[SourceQuality "1"]

1. d4 Nf6 2. Nf3 g6 3. Bf4 Bg7 4. e3 0-0 5. c3 d5 6. Bd3 c5 7. Nbd2 Nc6 8. Ne5 Nd7 9. Ndf3 Ndxe5 10. dxe5 Bg4 11. Be2 e6 12. Bg5 Qb6 13. Qd2 a5 14. Bf6 Bxf3 15. Bxg7 Kxg7 16. gxf3 Nxe5 17. h4 h5 18. Rg1 Nc4 19. Qc2 Qxb2 20. Qxb2 Nxb2 21. f4 Kh6 22. Rb1 Na4 23. Kd2 Rab8 24. Rb5 d4 25. cxd4 cxd4 26. exd4 Rfd8 27. Kd3 Rd5 28. Rgb1 Rbd8 29. Rxd5 Rxd5 30. Bf3 Rd6 31. Kc4 Rb6 32. Rxb6 Nxb6+ 33. Kb5 Nd5 34. Bxd5 exd5 35. Kc5 f6 36. Kxd5 g5 37. fxg5+ fxg5 38. hxg5+ Kxg5 39. Ke5 h4 40. d5 h3 41. d6 h2 42. d7 h1Q 43. d8Q+ 1-0

[Event "Mar del Plata"]
[Site "Mar del Plata"]
[Date "2016.09.19"]
[Round "6.1"]
[White "Fernandez, Jorge Daniel"]
[Black "Lazzari, Sergio"]
[Result "1-0"]
[WhiteElo "2060"]
[BlackElo "1766"]
[PlyCount "95"]
[EventDate "2016.09.05"]
[EventType "tourn"]
[EventRounds "10"]
[EventCountry "ARG"]
[SourceTitle "EXT 2024"]
[Source "ChessBase"]
[SourceDate "2023.10.10"]
[SourceVersion "1"]
[SourceVersionDate "2023.10.10"]
[SourceQuality "1"]

1. e4 e6 2. d4 d5 3. Nd2 Nc6 4. Ngf3 Nf6 5. e5 Nd7 6. c3 f6 7. exf6 Qxf6 8. Bb5 Bd6 9. 0-0 0-0 10. Nb3 a6 11. Bg5 Qg6 12. Bxc6 bxc6 13. Bh4 c5 14. dxc5 Nxc5 15. Nxc5 Bxc5 16. Bg3 Rb8 17. b3 Bb6 18. Rc1 a5 19. c4 a4 20. Ne5 Qe8 21. cxd5 exd5 22. Nc6 Ra8 23. Re1 Qf7 24. Qxd5 Qxd5 25. Ne7+ Kh8 26. Nxd5 Bd4 27. Nxc7 Rb8 28. Re8 Bf5 29. Rxb8 Rxb8 30. Ne6 Bb2 31. Rc5 Re8 32. Rxf5 axb3 33. axb3 Kg8 34. Bd6 Bf6 35. g3 Rxe6 36. Bc5 Kf7 37. b4 Re1+ 38. Kg2 Ke6 39. Rf3 Kd5 40. Re3 Rb1 41. f4 h5 42. Re8 h4 43. Re2 g5 44. fxg5 Bxg5 45. Kh3 hxg3 46. hxg3 Rb3 47. Kg4 Bd8 48. Rd2+ 1-0

[Event "Mar del Plata"]
[Site "Mar del Plata"]
[Date "2016.09.05"]
[Round "1.1"]
[White "Lazzari, Sergio"]
[Black "Fernandez, Jorge Daniel"]
[Result "1/2-1/2"]
[WhiteElo "1766"]
[BlackElo "2060"]
[PlyCount "141"]
[EventDate "2016.09.05"]
[EventType "tourn"]
[EventRounds "10"]
[EventCountry "ARG"]
[SourceTitle "EXT 2024"]
[Source "ChessBase"]
[SourceDate "2023.10.10"]
[SourceVersion "1"]
[SourceVersionDate "2023.10.10"]
[SourceQuality "1"]

1. d4 Nf6 2. Bf4 d6 3. e3 g6 4. h3 Bg7 5. Nf3 0-0 6. Be2 c5 7. c3 Qb6 8. Qb3 Be6 9. Qa3 cxd4 10. exd4 Nc6 11. Nbd2 Qc7 12. 0-0 Na5 13. c4 Bf5 14. Rac1 Qd8 15. b4 Nc6 16. d5 Nb8 17. Qe3 b5 18. Nd4 bxc4 19. Nxf5 gxf5 20. Bxc4 Kh8 21. Rfe1 Nbd7 22. Qxe7 Qxe7 23. Rxe7 Nb6 24. Bxd6 Nfxd5 25. Rb7 Rfd8 26. Bc5 Nc3 27. Bxb6 axb6 28. Rc2 Rac8 29. Kh1 Be5 30. g3 Rxd2 31. Rxd2 Rxc4 32. Rxf7 Kg8 33. Rb7 Rd4 34. Rc2 Rd6 35. a4 Kf8 36. a5 bxa5 37. bxa5 Ke8 38. Rb3 Rd1+ 39. Kg2 Ra1 40. f4 Bd4 41. Rbxc3 Bxc3 42. Rxc3 Rxa5 43. g4 Kf7 44. Kg3 fxg4 45. hxg4 Ra1 46. Kh4 Ra5 47. Rc6 Rb5 48. f5 Ra5 49. Rc7+ Kg8 50. Kg5 Rb5 51. Re7 Ra5 52. Kh6 Ra6+ 53. Re6 Ra1 54. Re7 Ra6+ 55. Re6 Ra1 56. Kg5 Ra7 57. Kf6 Rf7+ 58. Ke5 Ra7 59. Rd6 Kf7 60. g5 Re7+ 61. Re6 Ra7 62. Rd6 Re7+ 63. Kd5 Re1 64. Rd7+ Kg8 65. f6 Rd1+ 66. Ke6 Rxd7 67. Kxd7 Kf7 68. Kd6 h6 69. g6+ Kxf6 70. g7 Kxg7 71. Ke5 1/2-1/2